000 00680nam a2200289Ia 4500
005 20260324143127.0
008 008 260324s9999 xx 000 0 eng d
020 _a9780429268557
037 _aEBOOK
040 _aCRL
040 _beng
040 _cCRL
041 _2eng
041 _aeng
084 _qCRL
100 _aAlfred W. Mccoy
_91214480
245 0 _aWar On Drugs
245 0 _bStudies In The Failure Of U.s. Narcotics Policy
260 _bTaylor and Francis
260 _c1993
365 _a
365 _b220
856 _uhttp://www.taylorfrancis.com/books/9780429268557
942 _cEBOOK
999 _c1819524
_d1819524